Získavanie finančných zdrojov pre podnikateľskú činnosť malých a stredných podnikov : Diplomová práca

Enregistré dans:
Détails bibliographiques
Auteur principal: Urbaníková, Ľubica (Auteur)
Autres auteurs: Mulíková, Dagmar, 1956- (xxx)
Format: Manuscrit Livre
Langue:slovaque
Publié: Trnava : STU v Bratislave MtF KPIM, 2006
Sujets:
Tags: Ajouter un tag
Pas de tags, Soyez le premier à ajouter un tag!

MARC

LEADER 00000ntm a22000003a 4500
001 stu121770
005 20160719155434.0
008 060623s2006----xo------------------slo-d
040 |a STU  |b slo 
041 0 |a slo 
044 |a xo 
100 1 |a Urbaníková, Ľubica  |4 aut 
245 1 |a Získavanie finančných zdrojov pre podnikateľskú činnosť malých a stredných podnikov :  |b Diplomová práca 
260 |a Trnava :  |b STU v Bratislave MtF KPIM,  |c 2006 
300 |a 67 s  |c príl., 1 CD 
650 7 |a priemyselné inžinierstvo a manažment  |2 stusub 
650 7 |a finančný manažment  |2 stusub 
650 7 |a finančné zdroje  |2 stusub 
700 1 |a Mulíková, Dagmar,  |d 1956-  |4 xxx  |u M  |T MTF Materiálovotechnologická fakulta  |X 4403  |U M  |Y 60  |7 A000004403 
996 |b 284M073555  |c M*DP-6205  |l MMSKP  |s P  |a 0  |w stu121770_0001